92. policejní revír zasahuje /

Hlavní autor: Beran, Ladislav, 1945-
Jazyk: Čeština
Vydáno: Brno : MOBA, 2016
Vydání: Vydání první
Edice: Původní česká detektivka
Krimi (MOBA)
Témata:
Fyzický popis: 252 stran ; 19 cm
Knihy
Uloženo v:
LEADER 01525nam a2200445 i 4500
001 nkc20162781577
003 CZ PrNK
005 20160317141404.0
007 ta
008 160302s2016 xr g 000 j cze
015 |a cnb002781577 
020 |a 978-80-243-6956-3  |q (vázáno) 
035 |a (OCoLC)946295581 
040 |a OLA001  |b cze  |e rda 
072 7 |a 821.162.3-3  |x Česká próza  |2 Konspekt  |9 25 
080 |a 821.162.3-32  |2 MRF 
080 |a (0:82-322.4)  |2 MRF 
100 1 |a Beran, Ladislav,  |d 1945-  |7 jn20010310148  |4 aut 
245 1 0 |a 92. policejní revír zasahuje /  |c Ladislav Beran 
246 3 |a Devadesátý druhý policejní revír zasahuje 
250 |a Vydání první 
264 1 |a Brno :  |b MOBA,  |c 2016 
300 |a 252 stran ;  |c 19 cm 
336 |a text  |b txt  |2 rdacontent 
337 |a bez média  |b n  |2 rdamedia 
338 |a svazek  |b nc  |2 rdacarrier 
490 1 |a Původní česká detektivka ;  |v 234. svazek 
490 1 |a Krimi 
655 7 |a české příběhy  |7 fd133973  |2 czenas 
655 7 |a kriminální příběhy  |7 fd132020  |2 czenas 
655 9 |a Czech stories  |2 eczenas 
655 9 |a crime stories  |2 eczenas 
830 0 |a Původní česká detektivka  |0 s 
830 0 |a Krimi (MOBA)  |0 s 
910 2 |a BOA001  |b 1-1364.198 
990 |a BK 
995 |a 01 
991 |b 201603  |c NOV 
996 6 |b 2610663464  |c 1-1364.198  |l MZK  |r Sklad / do 1 hodiny  |n 1  |p p.v.  |w 001549783  |u 000010  |a 1  |e BOA001  |j MZK50  |s P 
996 7 |b 2610663465  |c 1-1364.198  |l MZK  |r Sklad / do 1 hodiny  |n 5  |p p.v.  |w 001549783  |u 000020  |a 1  |e BOA001  |j MZK50  |s A